| 000 | 00632 a2200229 4500 | ||
|---|---|---|---|
| 001 | 200129783 | ||
| 999 |
_c200129783 _d31221 |
||
| 003 | TR-AnTOB | ||
| 005 | 20241129155055.0 | ||
| 008 | 130611b tu 000 0 | ||
| 040 | _aTR-AnTOB | ||
| 041 | _atur | ||
| 050 | 0 | 0 |
_aNK2115.5.S76 _b.M66 |
| 090 | _aNK2115.5.S76 .M66 | ||
| 245 | 0 | 0 |
_aMoonstone / _cKale Grubu. |
| 264 | 1 |
_a[İstanbul] : _b[s.n.], _c[date of publication not identified] |
|
| 300 | _c31 cm. | ||
| 650 | 0 |
_aStone in interior decoration _vCatalogs _990677 |
|
| 650 | 0 |
_aTaş, İç dekorasyonda _vKataloglar _990678 |
|
| 710 | 1 |
_aKale Grubu. _bKalebodur _987608 |
|
| 942 | _cBK | ||